000
00305nam a2200121Ia 4500
008
220216s9999 xx 000 0 und d
100
_a
Ouseph T.
245
0
_a
Planting assistance cut may hit rubber output
260
_b
Rubber Asia
_c
2000
300
_a
38-40
650
_a
Rubber plantation
942
_c
BS
999
_c
48340
_d
48340